00634nam a2200169 i 450000100060000000300090000600500170001500700030003200800410003510000470007624500700012326000590019330000410025285200320029399900170032595201220034252230ES-MaACL20231211202554.0t|030826s1971 sp ||||1| spa d1 aChueca Goitia, Fernando,d1911-200493868810aAndrés de Vandelvira b: arquitecto / cFernando Chueca Goitia. a[Jaén] : bInstituto de Estudios Giennenses, c1971. a425 p., 24 lám. : bil. ; c32 cm. aES-MaACLjC-50750 bR.85090 c52230d52230 00104070aATENEOMbATENEOMcDEPO2d2008-01-17eSCl0oC-50750p1054909r2023-02-23 00:00:00w2023-02-23yMONOGRAFIA